000 00636nam a2200205Ia 4500
001 21434
003 GE_BSU
008 181216s||||||||xx |||||||||||||| ||und||
040 _cGE_BSU
080 _aპერიოდიკა
245 _aВопросы экономики №10, Октябрь 2017
245 _cРед,кол: О.И.Ананьин, Р.С.Гриберг, и др.
260 _aМосква
260 _c2017
300 _a160 стр. 26см.
653 _aВопросы экономики №10, Октябрь 2017
653 _aПериодика
653 _aპერიოდიკა
942 _cCR
999 _c54378
_d54378